सुजाण पालकत्व सुंदर बालसंगोपन (Record no. 320527)

MARC details
000 -LEADER
fixed length control field 00632nam a2200169Ia 4500
008 - FIXED-LENGTH DATA ELEMENTS--GENERAL INFORMATION
fixed length control field 090711s9999 xx 000 0 und d
082 ## - DEWEY DECIMAL CLASSIFICATION NUMBER
Item number 69920
100 ## - MAIN ENTRY--PERSONAL NAME
Personal name परुळेकर आशा
245 ## - TITLE STATEMENT
Title सुजाण पालकत्व सुंदर बालसंगोपन
260 ## - PUBLICATION, DISTRIBUTION, ETC. (IMPRINT)
Date of publication, distribution, etc 1992
300 ## - PHYSICAL DESCRIPTION
Extent 126
600 ## - SUBJECT ADDED ENTRY--PERSONAL NAME
Personal name परुळेकर आशा
630 ## - SUBJECT ADDED ENTRY--UNIFORM TITLE
Uniform title सुजाण पालकत्व सुंदर बालसंगोपन
700 ## - ADDED ENTRY--PERSONAL NAME
Personal name परुळेकर आशा
730 ## - ADDED ENTRY--UNIFORM TITLE
Uniform title सुजाण पालकत्व सुंदर बालसंगोपन
942 ## - ADDED ENTRY ELEMENTS (KOHA)
Koha item type Book
Holdings
Withdrawn status Lost status Damaged status Not for loan Home library Current library Date acquired Cost, normal purchase price Total Checkouts Full call number Barcode Date last seen Cost, replacement price Price effective from Koha item type
        Dadar Sarvajanik Vachanalaya, Dardar Dadar Sarvajanik Vachanalaya, Dardar 07/11/2009 45.00   69920 DASAVA-69920 07/11/2009 45.00 07/11/2009 Book